000
00483nam a2200181Ia 4500
008
090124s9999 xx 000 0 und d
082
_b
123542
100
_a
शेट्ये चंद्रहास
245
_a
अजेय
250
_a
2
260
_c
1989
300
_a
528
600
_a
शेट्ये चंद्रहास
630
_a
अजेय
700
_a
शेट्ये चंद्रहास
730
_a
अजेय
942
_c
BOOK
999
_c
169628
_d
169628